|
|
|
|
| LEADER |
00000cam a2200000 a 4500 |
| 001 |
vtls001448361 |
| 003 |
SK-MaSNL |
| 005 |
20260301073034.0 |
| 008 |
240226s2001 xo grh 000 0dslo |
| 015 |
|
|
|a SNBA2004/09-04974
|
| 020 |
|
|
|a 8096841386
|q (brožované)
|
| 035 |
|
|
|a SNK000403625
|
| 035 |
|
|
|a urn:nbn:sk:snk-am3j0ms
|
| 035 |
|
|
|a 761E2315-86F8-442E-9C92-D47FE931FB7A
|
| 035 |
|
|
|a urn:nbn:sk:snk-am00ge7o
|
| 040 |
|
|
|a SNK
|b slo
|c SNK
|e AACR2
|
| 041 |
1 |
|
|a slo
|h fre
|
| 044 |
|
|
|a xo
|c SK
|
| 072 |
|
7 |
|a 32
|x Politika
|2 konspekt
|
| 072 |
|
7 |
|a 929
|x Biografie
|2 konspekt
|
| 080 |
|
|
|a 821.162.4-3
|2 1997
|
| 080 |
|
|
|a 929 Štefánik, Milan Rastislav
|2 1997
|
| 080 |
|
|
|a 929
|2 1997
|
| 080 |
|
|
|a 32-051
|2 2011
|
| 080 |
|
|
|a 929(092)
|2 2011
|
| 080 |
|
|
|a (0:82-94)
|2 2011
|
| 100 |
1 |
|
|a Kováč, Dušan,
|d 1942-
|4 aut
|9 88196
|
| 245 |
1 |
0 |
|a Štefánik a Janin
|b príbeh priateľstva
|c Dušan Kováč ; [z francúzštiny preložila Mária Kováčová]
|
| 250 |
|
|
|a 1. vyd.
|
| 260 |
|
|
|a Bratislava
|b Dilema
|c 2001
|
| 300 |
|
|
|a 163 strán
|b fotografie
|c 21 cm
|
| 490 |
0 |
|
|a Knihy Dilemy
|
| 500 |
|
|
|a Preložené z francúzštiny ; obsahuje poznámky
|
| 600 |
1 |
7 |
|a Janin, Maurice,
|d 1863-1946
|2 SNKMA
|9 167633
|
| 600 |
1 |
7 |
|a Štefánik, Milan Rastislav,
|d 1880-1919
|2 SNKMA
|9 86219
|
| 650 |
0 |
7 |
|a politici
|2 SNKPH
|9 2679
|
| 655 |
|
7 |
|a biografie
|2 SNKPH
|9 27965
|
| 655 |
|
7 |
|a spomienky
|2 SNKPH
|9 29509
|
| 700 |
1 |
|
|a Kováčová Mária
|4 trl
|9 393490
|
| 830 |
|
0 |
|a Knihy Dilemy
|9 296960
|
| 919 |
|
|
|a 80-968413-8-6
|
| 958 |
|
|
|a TL
|
| 958 |
|
|
|a BX
|
| 958 |
|
|
|a OP
|
| 958 |
|
|
|a OND
|
| 999 |
|
|
|c 642964
|d 644894
|
| 952 |
|
|
|t P60, <03>, [BOOK], {603}
|a SNK
|b SNK
|y PREZ
|7 0
|p 17A0372330
|o snkSC 110565
|i snkKSP 1229/2003
|0 0
|1 0
|4 0
|d 2003-01-29
|f 1
|l 0
|r 2025-10-01 00:00:00
|w 2026-02-23
|
| 952 |
|
|
|t P60, <04>, [BOOK], {604}
|a SNK
|b SNK
|y VYP
|7 0
|p 17A0372331
|o snkSC 110565 D1
|i snkKSP 1230/2003
|0 0
|1 0
|4 0
|d 2003-01-29
|l 0
|r 2005-01-02 00:00:00
|w 2026-02-23
|